[Event "Ogolnopolska Olimpiada Mlodziezy D-14"]
[Site "Spala"]
[Date "1899-12-30"]
[Round "9.10"]
[White "Stebel, Agata"]
[Black "Pedrak, Paulina"]
[Result "1-0"]
[WhiteTitle "I"]
[BlackTitle "I"]
[WhiteElo "1673"]
[BlackElo "1367"]

1. e4 c5 2. c3 e6 3. d4 cxd4 4. cxd4 a6 5. Nf3 Nf6 6. Nc3 d6 7. Bg5 Be7 8. Bd3
O-O 9. O-O Nc6 10. Rc1 Bd7 11. a3 h6 12. Bf4 Rc8 13. Bb1 Nh7 14. e5 dxe5 15. Qd3
f5 16. Nxe5 Nxe5 17. Bxe5 Bc6 18. Ba2 Bd5 19. Nxd5 exd5 20. Qb3 Kh8 21. Qxb7 a5
22. Rxc8 Qxc8 23. Qxe7 1-0

[Event "Ogolnopolska Olimpiada Mlodziezy D-14"]
[Site "Spala"]
[Date "1899-12-30"]
[Round "9.11"]
[White "Karykowska, Anna"]
[Black "Ciesinska, Weronika"]
[Result "1-0"]
[WhiteTitle "I+"]
[BlackTitle "II"]
[WhiteElo "1525"]
[BlackElo "1335"]

1. e4 c5 2. d4 cxd4 3. Qxd4 Nf6 4. Bd2 Nc6 5. Qe3 g6 6. Nc3 Bg7 7. O-O-O O-O 8.
f3 d6 9. Nge2 Be6 10. g4 a6 11. h4 b5 12. Kb1 Rc8 13. g5 Nh5 14. f4 Na5 15. b3
Qc7 16. Qd3 b4 17. Nd5 Bxd5 18. exd5 Qb7 19. Bg2 Rc7 20. a3 Bc3 21. axb4 Bxb4
22. Bxb4 Qxb4 23. Qd4 Rb8 24. Qxb4 Rxb4 25. Rhf1 Nc4 26. Rd3 f6 27. Ka2 Nb6 28.
c3 Rb5 29. Nd4 Ra5+ 30. Kb2 Rb7 31. b4 Nxd5 32. Nc6 Nhxf4 33. Nxa5 Nxd3+ 34. Ka1
Rb5 35. c4 Rxa5+ 36. bxa5 Ne3 37. Bd5+ Nxd5 38. cxd5 f5 39. Rd1 Nc5 40. Kb2 Kf7
41. Kc3 e5 42. dxe6+ Kxe6 43. Re1+ Ne4+ 44. Kd4 Kd7 45. Rb1 Nc5 46. Kd5 Ne6 47.
Rb7+ Nc7+ 48. Kc4 Kc6 49. Rb8 d5+ 50. Kd3 Nb5 51. Rb6+ Kc5 52. Rxa6 d4 53. Ra8
Kb4 54. a6 Kc5 55. a7 Kd5 56. Ke4+ 1-0

[Event "Ogolnopolska Olimpiada Mlodziezy D-14"]
[Site "Spala"]
[Date "1899-12-30"]
[Round "9.12"]
[White "Malinowska, Monika"]
[Black "Kwiatkowska, Agnieszka"]
[Result "0-1"]
[WhiteTitle "II+"]
[BlackTitle "II+"]
[WhiteElo "1326"]
[BlackElo "1518"]

1. d4 d5 2. c4 e6 3. Nf3 Nf6 4. Bg5 Be7 5. Nc3 c6 6. e3 Nbd7 7. Bd3 dxc4 8. Bxc4
b5 9. Bd3 a6 10. O-O Bb7 11. Rc1 Rc8 12. Qe2 O-O 13. Rfd1 Qb6 14. Bb1 c5 15. a3
Rfe8 16. Rd2 c4 17. Rcd1 Nd5 18. Rc1 Nxc3 19. Rxc3 Bxf3 20. Qxf3 Bxg5 21. d5 Bf6
22. dxe6 Nf8 23. exf7+ Kxf7 24. Be4 Rxe4 25. Qxe4 Bxc3 26. Qd5+ Qe6 27. Qb7+ Kg8
28. bxc3 Re8 29. Qf3 Qf7 30. Qc6 Qf5 31. Qd6 Re6 32. Qd4 Qf6 33. Kf1 Qxd4 34.
Rxd4 Kf7 35. a4 Rb6 36. axb5 axb5 37. Ke1 Ne6 38. Rd2 Nc5 39. Rd4 Nd3+ 40. Kd2
Nxf2 0-1

[Event "Ogolnopolska Olimpiada Mlodziezy D-14"]
[Site "Spala"]
[Date "1899-12-30"]
[Round "9.13"]
[White "Zalewska, Katarzyna"]
[Black "Kostecka, Marika"]
[Result "1-0"]
[WhiteTitle "II+"]
[BlackTitle "II"]
[WhiteElo "1331"]
[BlackElo "1392"]

1. d4 d5 2. Bf4 Bf5 3. e3 e6 4. c4 Bd6 5. Bg3 Nf6 6. Nc3 c6 7. Nf3 O-O 8. Be2 Qe7
9. Bxd6 Qxd6 10. O-O Qb4 11. Qb3 a5 12. Na4 dxc4 13. Qxb4 axb4 14. Nb6 Ra7 15.
Nxc4 Nbd7 16. Nfe5 Rfa8 17. Nxd7 Nxd7 18. a3 b5 19. Nd6 bxa3 20. Rxa3 Rxa3 21.
bxa3 Rxa3 22. Nxf5 exf5 23. Rc1 Kf8 24. g4 fxg4 25. Bxg4 Nb8 26. Bf3 b4 27. Rb1
Na6 28. Be2 Ke7 29. Bxa6 Rxa6 30. Rxb4 Ra7 31. Rb8 g6 32. Rc8 Kd6 33. Kg2 Rd7
34. Kg3 Re7 35. Rh8 h5 36. Kf4 Ke6 1-0

[Event "Ogolnopolska Olimpiada Mlodziezy D-14"]
[Site "Spala"]
[Date "1899-12-30"]
[Round "9.14"]
[White "Buchta, Agnieszka"]
[Black "Leczek, Weronika"]
[Result "1/2-1/2"]
[WhiteTitle "II"]
[BlackTitle "I"]
[WhiteElo "1352"]
[BlackElo "1632"]

1. e4 c5 2. Nc3 Nc6 3. Bb5 Nd4 4. Nf3 Nxb5 5. Nxb5 a6 6. Nc3 d6 7. d4 cxd4 8. Qxd4
e5 9. Qd3 Nf6 10. Nd2 Be7 11. Nc4 b5 12. Ne3 O-O 13. Ned5 Nxd5 14. Nxd5 f5 15.
Ne3 d5 16. Nxd5 fxe4 17. Nxe7+ Qxe7 18. Qxe4 Bb7 19. Qg4 Rac8 20. c3 Rc6 21. Bg5
Qf7 22. O-O-O Rg6 23. Qh4 Qxa2 24. Be7 Re8 25. Rhe1 Bd5 26. Ba3 Bxg2 27. Rd8 Rge6
28. Rxe8+ Rxe8 29. Qg5 Bf3 30. Rg1 Qf7 31. Bd6 e4 32. Be5 g6 33. h4 Qd5 34. Bd4
Qxg5+ 35. Rxg5 Kf7 36. Rc5 Re6 37. Rc7+ Re7 38. Rc6 Re6 39. Rc7+ Re7 40. Rc6 Re6
41. Rc7+ Re7 42. Rc6 e3 43. Rf6+ Ke8 44. fxe3 1/2-1/2

[Event "Ogolnopolska Olimpiada Mlodziezy D-14"]
[Site "Spala"]
[Date "1899-12-30"]
[Round "9.15"]
[White "Trusz, Julia"]
[Black "Ziziuk, Martyna"]
[Result "1/2-1/2"]
[WhiteTitle "I"]
[BlackTitle "II+"]
[WhiteElo "1533"]
[BlackElo "1412"]

1. e4 e5 2. Nf3 Nc6 3. d4 exd4 4. Nxd4 Bc5 5. Nxc6 bxc6 6. Bd3 Ne7 7. O-O O-O 8.
Nc3 Ng6 9. Na4 Bb6 10. Nxb6 cxb6 11. Bc4 Kh8 12. Be3 Qe7 13. Bd3 d6 14. Re1 Qh4
15. Qf3 Ne5 16. Qe2 f5 17. exf5 Bxf5 18. Bxf5 Rxf5 19. f3 Raf8 20. Qf2 Qh5 21.
Bd4 c5 22. Bxe5 Rxe5 23. Rxe5 Qxe5 24. c3 Re8 25. Rd1 Kg8 26. Qd2 Re6 27. h3 Kf7
28. Kf2 b5 29. Qd3 c4 30. Qd2 a5 31. a3 a4 32. Re1 Qc5+ 33. Kf1 Rxe1+ 34. Qxe1
Qe5 35. Qxe5 dxe5 36. Ke2 Ke6 37. Ke3 Kd5 38. g3 g5 39. Kd2 Kd6 40. Ke2 Ke6 41.
Kf2 Kd6 1/2-1/2

[Event "Ogolnopolska Olimpiada Mlodziezy D-14"]
[Site "Spala"]
[Date "1899-12-30"]
[Round "9.16"]
[White "Krzywnicka, Maria"]
[Black "Gowin, Malgorzata"]
[Result "1-0"]
[WhiteTitle "II"]
[BlackTitle "II+"]
[WhiteElo "1360"]
[BlackElo "1458"]

1. e4 c5 2. Nc3 Nc6 3. g3 g6 4. Bg2 Bg7 5. d3 e6 6. f4 Nge7 7. Nf3 O-O 8. O-O d6
9. Be3 Nd4 10. Bf2 Nxf3+ 11. Qxf3 Bd7 12. Qd1 Bd4 13. Bxd4 cxd4 14. Ne2 Qc7 15.
g4 f5 16. h3 Qb6 17. Rb1 Bc6 18. Kh1 Bd7 19. Ng3 Qd8 20. exf5 exf5 21. Bxb7 Rb8
22. Bf3 fxg4 23. Bxg4 Nf5 24. Nxf5 Bxf5 25. Bxf5 Rxf5 26. Qg4 Qf6 27. b3 Rf8 28.
Rbe1 d5 29. Qg2 Qc6 30. Qd2 Qd7 31. Kg2 Re8 32. Rxe8+ Qxe8 33. Qf2 Qe3 34. Qxe3
dxe3 35. Kf3 d4 36. Ke4 Rc5 37. Rc1 Rc7 38. Kxd4 e2 39. c4 Re7 40. Re1 Kf8 41.
Kc3 Re3 42. h4 Rf3 43. Rxe2 Rxf4 44. Rh2 Ke7 45. d4 Kd6 46. d5 a5 47. Kd3 Kc5
48. Ke3 Rd4 49. Rd2 Rxd2 50. Kxd2 Kd6 51. Ke3 Ke5 52. Kf3 h6 53. Kg4 Kd6 54. a3
Kc5 55. Kf4 Kd6 56. b4 a4 57. Ke4 Kc7 58. c5 Kd7 59. b5 1-0

[Event "Ogolnopolska Olimpiada Mlodziezy D-14"]
[Site "Spala"]
[Date "1899-12-30"]
[Round "9.17"]
[White "Ossolinska, Matylda"]
[Black "Kindler, Karolina"]
[Result "0-1"]
[WhiteTitle "II"]
[BlackTitle "I"]
[WhiteElo "1426"]
[BlackElo "1438"]

1. e4 c5 2. Nf3 Nc6 3. d4 cxd4 4. Nxd4 g6 5. c4 Bg7 6. Be3 Nf6 7. Nc3 d6 8. Be2
Bd7 9. Nb3 O-O 10. O-O a6 11. Rc1 Rc8 12. f3 Na5 13. Nd2 e6 14. a3 Qc7 15. b4
Nc6 16. Na4 Ne5 17. Nb6 Rb8 18. Nb3 Bc8 19. Qd2 Ned7 20. Na4 b6 21. Rfd1 Ne8 22.
Bf1 Qc6 23. Nb2 Ne5 24. Nd4 Qd7 25. Nd3 Nxd3 26. Qxd3 Nf6 27. Ne2 Rd8 28. Nc3
Qc6 29. Bg5 Bb7 30. Be3 Ba8 31. b5 Qb7 32. Na4 Qa7 33. Nc3 d5 34. e5 Nd7 35. f4
Nc5 36. Qc2 Qb7 37. cxd5 exd5 38. Bxc5 bxc5 39. bxa6 Qa7 40. Kh1 c4 41. Qa4 Rb6
42. Nb5 Rxa6 43. Nxa7 Rxa4 44. Nb5 Bc6 45. Bxc4 Rb8 46. Nc3 Rxc4 47. Ne2 Rb2 48.
Nd4 Ba4 49. Rxc4 dxc4 50. Rc1 c3 51. Kg1 c2 52. Nxc2 Rxc2 53. Rb1 Bf8 54. h3 Bxa3
55. Rb8+ Kg7 56. Ra8 Bc5+ 57. Kh2 Bc6 58. Kg3 Rxg2+ 59. Kh4 Bf2# 0-1

[Event "Ogolnopolska Olimpiada Mlodziezy D-14"]
[Site "Spala"]
[Date "1899-12-30"]
[Round "9.18"]
[White "Borkowska, Zuzanna"]
[Black "Spadlo, Katarzyna"]
[Result "1-0"]
[WhiteTitle "II+"]
[BlackTitle "II"]
[WhiteElo "1342"]
[BlackElo "1318"]

1. e4 e5 2. Nf3 Nc6 3. Bc4 Bc5 4. c3 Nf6 5. d4 exd4 6. cxd4 Bb4+ 7. Bd2 Nxe4 8.
Bxb4 Nxb4 9. Bxf7+ Kxf7 10. Qb3+ d5 11. Qxb4 Re8 12. O-O Qe7 13. Qxe7+ Rxe7 14.
Ne5+ Kg8 15. f3 Nd6 16. Nc3 c6 17. Rfe1 Kf8 18. Re2 Nc4 19. Nxc4 Rxe2 20. Nxe2
dxc4 21. Rc1 Be6 22. Nc3 Rd8 23. Rd1 Bf5 24. Ne4 b6 25. Kf2 Rd5 26. Ke3 h6 27.
Rc1 b5 28. Nc5 h5 29. a4 Rd8 30. axb5 cxb5 31. Ra1 Ra8 32. Ra5 b4 33. Ra4 a5 34.
Ra1 Bh7 35. Ne6+ Kg8 36. Nc5 Kh8 37. Rc1 Bg8 38. Na4 Rc8 39. Nb6 Rc6 40. Nd7 a4
41. Nc5 a3 42. bxa3 bxa3 43. Ra1 c3 44. Rxa3 c2 45. Kd2 Rd6 46. Kxc2 Rxd4 47.
Ne4 Rc4+ 48. Rc3 Ra4 49. Rc5 Ra2+ 50. Kc3 Rxg2 51. Rxh5+ Bh7 52. Ng5 Kg8 53. Nxh7
g6 54. Rh3 Kg7 55. f4 Rf2 56. Ng5 Kf6 57. Ne4+ 1-0

[Event "Ogolnopolska Olimpiada Mlodziezy D-14"]
[Site "Spala"]
[Date "1899-12-30"]
[Round "9.19"]
[White "Bakalarczyk, Zuzanna"]
[Black "Tkaczyk, Weronika"]
[Result "1/2-1/2"]
[WhiteTitle "II"]
[BlackTitle "II"]
[WhiteElo "1246"]
[BlackElo "1372"]

1. e4 e5 2. Nf3 Nc6 3. d4 exd4 4. Nxd4 Bc5 5. Be3 Qh4 6. Nc3 Nxd4 7. Bxd4 Bxd4
8. Qxd4 Qf6 9. Qxf6 Nxf6 10. Bd3 O-O 11. O-O d6 12. Rfe1 Bd7 13. Bc4 Bc6 14. Bd5
Nxd5 15. Nxd5 Bxd5 16. exd5 Rfe8 17. Kf1 Kf8 18. f3 Rad8 19. Kf2 Re5 20. c4 Rde8
21. Rxe5 Rxe5 22. Rd1 Ke7 23. b3 f5 24. f4 Re4 25. Kf3 Kf6 26. g3 h6 27. Rd2 g5
28. Re2 g4+ 29. Kf2 c6 30. Rd2 c5 31. a4 a5 32. Rd3 h5 33. Rc3 h4 34. Rd3 hxg3+
35. hxg3 Re7 36. Kf1 Kf7 37. Kf2 Re4 38. Rc3 Rd4 39. Ke2 Re4+ 40. Kf2 Rd4 1/2-1/2

[Event "Ogolnopolska Olimpiada Mlodziezy D-14"]
[Site "Spala"]
[Date "1899-12-30"]
[Round "9.20"]
[White "Gil, Oliwia"]
[Black "Bochniarz, Katarzyna"]
[Result "1-0"]
[WhiteTitle "II"]
[BlackTitle "II"]
[WhiteElo "1316"]
[BlackElo "1192"]

1. e4 e5 2. Nf3 Nf6 3. Nxe5 d6 4. Nf3 Nxe4 5. d4 d5 6. Bd3 f5 7. O-O Be7 8. Bf4
O-O 9. Re1 c6 10. Nfd2 Nd7 11. Qe2 Bf6 12. c3 Nb6 13. f3 Nd6 14. Qf1 Nf7 15. Na3
Bg5 16. Bxg5 Nxg5 17. Re2 Qf6 18. Rae1 Bd7 19. b3 Rfe8 20. Rxe8+ Rxe8 21. Rxe8+
Bxe8 22. Qe1 Bd7 23. Qg3 Ne6 24. Qb8+ Nd8 25. Qxa7 Nc8 26. Qb8 Qe7 27. Nc2 g6
28. Qf4 Nf7 29. Qe3 Qxe3+ 30. Nxe3 Ncd6 31. c4 dxc4 32. Ndxc4 Nxc4 33. Bxc4 Kf8
34. Kf2 Ke7 35. Nc2 h6 36. f4 Nd6 37. Ke3 Nxc4+ 38. bxc4 Be6 39. Na3 Kd6 40. Kd3
b6 41. g3 Bf7 42. Ke3 Be6 43. Nc2 Kc7 1-0

[Event "Ogolnopolska Olimpiada Mlodziezy D-14"]
[Site "Spala"]
[Date "1899-12-30"]
[Round "9.22"]
[White "Surpeta, Julia"]
[Black "Samujlo, Agnieszka"]
[Result "0-1"]
[WhiteTitle "II"]
[BlackTitle "II"]
[WhiteElo "1130"]
[BlackElo "1216"]

1. e4 e5 2. f4 exf4 3. Nf3 Nc6 4. Nc3 d6 5. d4 Nf6 6. Bxf4 Bg4 7. Be2 Be7 8. e5
dxe5 9. Nxe5 Bxe2 10. Nxe2 Nxe5 11. dxe5 Qxd1+ 12. Rxd1 Ne4 13. O-O O-O 14. Kh1
Rad8 15. Rd4 Ng5 16. Rc4 Ne6 17. Ng3 Nxf4 18. Rfxf4 c6 19. h3 Rd5 20. Rce4 g6
21. c4 Rdd8 22. Re3 Bg5 23. Ref3 Bxf4 24. Rxf4 Rfe8 25. Re4 c5 26. Ne2 f6 27.
e6 Rd6 28. Nf4 g5 29. Nd5 Rdxe6 30. Rg4 Rc6 31. h4 h6 32. Kh2 Kf7 33. b4 cxb4
34. Nxb4 Rc5 35. Nd3 Ra5 36. Nb4 Rc8 37. Rd4 Rc7 38. Nd5 Rd7 39. Rd2 Rc5 40. Rf2
Rd6 41. hxg5 hxg5 42. Ne3 Re6 43. Nf5 Kg6 44. Nd4 Re4 45. Nb5 Rexc4 46. Nd6 Rh4+
47. Kg1 Rc1+ 48. Rf1 Rxf1+ 49. Kxf1 b6 50. Nb5 Ra4 51. Nc3 Ra3 0-1